| 000 | 00765nam a22002297a 4500 | ||
|---|---|---|---|
| 003 | OSt | ||
| 005 | 20240726094828.0 | ||
| 008 | 240725b |||||||| |||| 00| 0 eng d | ||
| 040 |
_aNUST _beng _cNUST _dNUST _erda |
||
| 050 | _aTH145 JAG | ||
| 100 |
_aWalter R. Jaggard _eAuthor |
||
| 245 |
_aArchitectural Building Construction. vol 3: a text book for the architectural and building student./ _cWalter R.Jaggard |
||
| 260 |
_alondon. : _bCambridge. : _c©1945 |
||
| 300 |
_axii, 447 pages: _bIllustrations; _c22 cm |
||
| 336 |
_2rdamedia _atext _btxt |
||
| 337 |
_2rdamedia _aunmediated _bn |
||
| 338 |
_2rdamedia _avolume _bnc |
||
| 440 | _vvol. 3 | ||
| 650 | _vArchitecture | ||
| 700 |
_aFrancis E. Drury _eAuthor |
||
| 942 |
_2lcc _cBOOKS _hTH145 _kTH _mJAG _n0 |
||
| 999 |
_c170908 _d170908 |
||